000
00360nam a2200169Ia 4500
003
0100
008
130307s9999 xx 000 0 und d
040
_c
ARRUPELIB
050
_a
PN83.K4
100
_a
Kerfoot, John Barrett
245
_a
How to read
260
_a
Boston MA
260
_b
Houghton Mifflin
260
_c
1916
300
_a
296p
942
0
0
_0
1
999
_c
89234
_d
89234